00574nam a22001697a 450000500170000001000130001702000140003003500110004403700160005508200080007110000360007924500830011524600580019826000500025627000760030630000220038220190927155719.0 aUR-10509 c100.00a- aU-9064 bDBAD/PUBa- a844 aا حسن ا ما م ا حسن  aجھا ر کھنڈ کے قلم کا ر cا حسن ا ما م ا حسن  bJharkhand ke qalam Kaar (Urdu)aby Ahsan Imam Ahsan  aDelhibEducational Publishing House c2019 ء a3191,Vakil Street,Kucha Pandit, Lal kuan ,bDelhi e110006k23216162l- a144ص c22 Cm(Hb)